| 000 | 00389nam a2200169Ia 4500 | ||
|---|---|---|---|
| 008 | 230524s9999 xx 000 0 und d | ||
| 082 |
_a572.193 _bKUC |
||
| 100 | _aPhilip W.Kuchel | ||
| 245 | 0 | _aBiochemistry | |
| 250 | _a2ND | ||
| 260 |
_aNEW DELHI _bTMH _c2003 |
||
| 300 | _aXI;539 | ||
| 500 | _aQuantity Number: 4 | ||
| 650 | _aBiomedical | ||
| 700 | _a G.B.Ralston | ||
| 942 | _cBK | ||
| 999 |
_c31534 _d31534 |
||